| 000 | 00430nam a2200193Ia 4500 | ||
|---|---|---|---|
| 005 | 20240823035435.0 | ||
| 008 | 240823s9999||||xx |||||||||||||| ||und|| | ||
| 020 | _a978-93-82025-07-8 | ||
| 041 | _aENGLISH | ||
| 082 | _A822.33 Q2 | ||
| 100 | _aRashmi Singh | ||
| 245 | 4 | _aThe Fallen Love | |
| 250 | _a1st | ||
| 260 |
_c2012 _bPigeon Books |
||
| 500 | _aYES | ||
| 650 |
_aNovel _bEnglish |
||
| 942 | _cBK | ||
| 999 |
_c200694 _d200694 |
||